1733 1948 1437 1558 1951 1686 1043 1545 1285 1774 1852 1371 1145 1986 1223 1562 1292 1752 1997 1880 1350 1898 1660 1429 1033 1352 1088 1920 1092 1347 1900 1272 1417 1921 1333 1360 1366 1077 1699 1973 1709 1618 1047 1030 1441 1455 1285 1533 1751 1115 1253 1769 1732 1647 1352 1163 1943 1859 1318 1129 1265 1100 1312 1252 1086 1147 1843 1961 1762 1005 1225 1174 1951 1158 1922 1028 1873 1737 1763 1248 1356 1189 1312 1773 1757 1187 1949 1150 1395 1167 1597 1503 1324 1655 1227 1936 1299 1782 1275 BCNSPRNW ULIB Ver.6.0+V

เปลี่ยนเป็นภาษาไทย

Change to English
 แสดงรายละเอียดบรรณานุกรม
  กลับหน้าหลัก

Brief Record : Get Marc (ISO 2709) : E-mail record : QR code < ปิดหน้าต่าง
LEADER : 00000nam 2200000uu 4500
001    13399122919
003     ULIB
008    131030s2013||||th 000 0 eng d
020    ^a0826109691 (paperback) ^c^60.00
020    ^a9780826109699 (paperback)
060  4 WY18^bB347g
100 1  ^aEric B. Bauman
245 10 ^aGame-based teaching and simulation in nursing and health care / ^cEric B. Bauman .
250    ^a1st ed.
260    ^a[S.l.] : ^bSpringer Publishing Company, ^c2013.
300    ^a288 p. ; ^c23 cm.
520    ^a"This is a comprehensive resource for anyone interested in integrating gaming and simulation into a course or the entire curricula. It presents the theory and the associated practical application. The extensive reference list and resource/product list encourage and support readers with implementation." Score: 98, 5 Stars.--Doody''s Medical Reviews "Game-Based Teaching and Simulation in Nursing and Healthcare is a timely, exhaustive look at how emerging technologies are transforming clinical education. Anyone looking for firsthand, direct account of how game-based learning technologies are reshaping clinical practice needs this book." Kurt Squire , PhD Associate Professor Games+Learning+Society [GLS] School of Education University Of Wisconsin - Madison This innovative text provides practical strategies for developing, integrating, and evaluating new and emerging technology, specifically game-based learning methods, useful in nursing and clinical health sciences education. The text draws upon existing models of experiential learning such as Benner''s "thinking-in-action" and "novice-to-expert" frameworks, and introduces current theories supporting the phenomenon of the created learning environment. Chapters explain how simulation and game-based learning strategies can be designed, implemented, and evaluated to improve clinical educational thinking and outcomes and increase exposure to critical experiences to inform clinicians during the journey from novice to expert. The text also describes how game-based learning methods can support the development of complex decision-making and critical thinking skills. Case studies throughout demonstrate the practical application of harnessing technology as a teaching/learning device. Key Features: Provides strategies for developing, integrating, and evaluating game-based learning methods for nursing and healthcare educators Prepares teachers for the paradigm shift from static "e-learning" to dynamic distance experiential learning in virtual and game-based environments Illustrates how to integrate game-based learning into existing curricula Offers theoretical and practical examples of how game-based learning technologies can be used in nursing and clinical education.
650  7 Education,Nursing^xmedthods
650  7 Clinical Medicine^xEducation
650  7 Computer simulation
650  7 Video games
945    ^p0^l0^i034137
999    ^aเกษร โพธิ์สุวรรณ
รายการนี้ยังไม่มีแท็ก
คุณยังไม่ได้ล็อกอิน คุณสามารถมีกิจกรรมร่วมกับเว็บไซต์ได้ แต่ต้องล็อกอินก่อน ::
  ล็อกอิน

รายการสื่อสารสนเทศ

ลำดับที่ ประเภท เลขเรียก/บาร์โค้ด สถานที่ สถานะ
1. Book การพยาบาล
Book การพยาบาล
WY18 B347g  
  Barcode: 034137
ห้องสมุดวิทยาเขตสวรรค์ประชารักษ์
►หนังสือทั่วไป
บนชั้น

BibComment


ยังไม่เคยถูกคอมเมนท์

คอมเมนท์ทรัพยากรรายการนี้
  คอมเมนท์: Gamebased teachi..


 Copyright 2026. Bcnsprnw @Library